[Event "Titled Tue 1st Jul Early"]
[Site "chess.com INT"]
[Date "2025.07.01"]
[Round "1"]
[White "Grandelius, Nils"]
[Black "Colville, Julian"]
[Result "1-0"]
[WhiteTitle "GM"]
[BlackTitle "FM"]
[WhiteElo "2642"]
[BlackElo "2248"]
[WhiteFideId "1710400"]
[BlackFideId "30963273"]
[EventDate "2025.07.01"]

1. d4 Nf6 2. c4 e6 3. Nc3 d5 4. cxd5 exd5 5. Bf4 Bb4 6. e3 Ne4 7. Ne2 c5 8. f3
Nxc3 9. bxc3 Ba5 10. Kf2 O-O 11. h4 Nc6 12. Rc1 Re8 13. Ng3 Qe7 14. Bb5 Bc7 15.
Bxc7 Qxc7 16. Qd2 a6 17. Bd3 Bd7 18. h5 Qa5 19. Bb1 cxd4 20. exd4 Qb5 21. h6 g6
22. Rce1 Na5 23. Nh5 Qb6 24. Qg5 Kh8 25. Nf6 Qb2+ 26. Kg3 Rxe1 27. Rxe1 Qxc3 28.
Re3 Qxd4 29. Nxd7 Nc4 30. Re1 Kg8 31. Qe7 Qd2 32. Qe8+ 1-0

[Event "Titled Tue 1st Jul Early"]
[Site "chess.com INT"]
[Date "2025.07.01"]
[Round "1"]
[White "Starozhilov, Leonid"]
[Black "Storn, Justin"]
[Result "1-0"]
[WhiteTitle "FM"]
[WhiteElo "2240"]
[BlackElo "2118"]
[WhiteFideId "14106752"]
[BlackFideId "30922720"]
[EventDate "2025.07.01"]

1. e4 g6 2. d4 Bg7 3. Nc3 d6 4. Nf3 a6 5. a4 Nf6 6. h3 O-O 7. Be3 Nbd7 8. Qd2 c5
9. Bd3 cxd4 10. Bxd4 Nc5 11. O-O Nxd3 12. Qxd3 Bd7 13. Rfe1 Rc8 14. a5 Be6 15.
Bb6 Qd7 16. Nd4 Bc4 17. Qf3 e5 18. Nb3 d5 19. exd5 Nxd5 20. Rad1 Qc6 21. Nxd5
Bxd5 22. Qxd5 Qxc2 23. Rd2 Qc6 24. Qxc6 Rxc6 25. Nc5 f5 26. Nxb7 e4 27. Rd8 Bxb2
28. Rxf8+ Kxf8 29. Nc5 Bc3 30. Rc1 Ke7 31. Rxc3 Kd6 32. Rc1 1-0

[Event "Titled Tue 1st Jul Early"]
[Site "chess.com INT"]
[Date "2025.07.01"]
[Round "1"]
[White "Brozynski, Patryk"]
[Black "Villa Tornero, Alex"]
[Result "0-1"]
[WhiteTitle "CM"]
[BlackTitle "FM"]
[WhiteElo "2192"]
[BlackElo "2282"]
[WhiteFideId "2512700"]
[BlackFideId "54501091"]
[EventDate "2025.07.01"]

1. Nf3 Nf6 2. d4 c5 3. e3 b6 4. Bd3 Bb7 5. O-O e6 6. b3 Be7 7. Nbd2 O-O 8. Bb2
Nc6 9. a3 cxd4 10. exd4 Rc8 11. Re1 d6 12. h3 Nd5 13. Rc1 Nf4 14. Bf1 Bf6 15.
Ne4 d5 16. Nxf6+ Qxf6 17. Qd2 Ne7 18. Ne5 Rfd8 19. g3 Nfg6 20. Bd3 Nxe5 21. dxe5
Qf3 22. Be2 Qf5 23. g4 Qg6 24. Bd3 Qh6 25. Qxh6 gxh6 26. f4 d4 27. f5 Nd5 28.
Bxd4 Nf4 29. Be3 Nxh3+ 30. Kh2 Ng5 31. f6 Nf3+ 32. Kg3 Nxe5 33. Bxh7+ Kxh7 34.
Rh1 Bxh1 35. Rxh1 Rc3 36. Rxh6+ Kg8 37. Kf4 Rxe3 38. Kxe3 Nxg4+ 39. Kf4 Nxh6 0-1

[Event "Titled Tue 1st Jul Early"]
[Site "chess.com INT"]
[Date "2025.07.01"]
[Round "1"]
[White "Perossa, Nicolas"]
[Black "Khandhadia, Nivaan Rathin"]
[Result "1-0"]
[WhiteTitle "FM"]
[BlackTitle "CM"]
[WhiteElo "2253"]
[BlackElo "2112"]
[WhiteFideId "2850520"]
[BlackFideId "25753274"]
[EventDate "2025.07.01"]

1. d4 d5 2. c4 e6 3. Nc3 Nf6 4. cxd5 exd5 5. Bg5 Bb4 6. e3 h6 7. Bf4 Ne4 8. Qb3
Bxc3+ 9. bxc3 O-O 10. Bd3 Re8 11. Ne2 Nd7 12. Qxd5 c6 13. Qb3 Ndc5 14. Qd1 Nxd3+
15. Qxd3 Bf5 16. Qd1 Qa5 17. Qb3 Be6 18. Qb2 Bc4 19. f3 Bxe2 20. fxe4 Bb5 21. e5
Qb6 22. Kf2 Rad8 23. h4 a6 24. a4 1-0

[Event "Titled Tue 1st Jul Early"]
[Site "chess.com INT"]
[Date "2025.07.01"]
[Round "1"]
[White "Akshit, Kumar J"]
[Black "Sharapov, Yevhen"]
[Result "1/2-1/2"]
[WhiteTitle "CM"]
[BlackTitle "GM"]
[WhiteElo "2074"]
[BlackElo "2375"]
[WhiteFideId "25097431"]
[BlackFideId "14103133"]
[EventDate "2025.07.01"]

1. e4 c5 2. Nf3 d6 3. d4 cxd4 4. Nxd4 Nf6 5. Nc3 Nc6 6. Bg5 e6 7. Qd3 Be7 8.
O-O-O Nxd4 9. Qxd4 O-O 10. h4 Qa5 11. Kb1 Rd8 12. Qd2 Bd7 13. f3 Bc6 14. Nd5
Qxd2 15. Nxe7+ Kf8 16. Rxd2 Kxe7 17. Bc4 h6 18. Be3 d5 19. exd5 Nxd5 20. Bc5+
Ke8 21. Rhd1 b6 22. Bf2 Nf4 23. Be3 Rxd2 24. Rxd2 Ng6 25. h5 Ne5 26. Be2 Rd8 27.
Rxd8+ Kxd8 28. Bd4 f6 29. f4 Nd7 30. g4 e5 31. Be3 Ke7 32. c3 Be4+ 33. Kc1 exf4
34. Bxf4 Ne5 35. Kd2 Ke6 36. Ke3 Bb1 37. a3 Ba2 38. Kd4 Nc6+ 39. Ke3 Ne5 40. Kd4
Nc6+ 41. Ke3 Na5 42. Bb8 Nc6 43. Bf4 1/2-1/2

[Event "Titled Tue 1st Jul Early"]
[Site "chess.com INT"]
[Date "2025.07.01"]
[Round "1"]
[White "Onyshchuk, Volodymyr"]
[Black "Turcsanyi, Vince Gergo"]
[Result "1-0"]
[WhiteTitle "GM"]
[BlackTitle "FM"]
[WhiteElo "2607"]
[BlackElo "2312"]
[WhiteFideId "14114038"]
[BlackFideId "791784"]
[EventDate "2025.07.01"]

1. e4 d6 2. d4 Nf6 3. Nc3 c6 4. f4 Qa5 5. Bd3 e5 6. Nf3 Bg4 7. dxe5 dxe5 8. O-O
Nbd7 9. h3 Bxf3 10. Qxf3 Bd6 11. f5 b5 12. a3 b4 13. Ne2 bxa3 14. Kh1 Qc7 15.
bxa3 Nb6 16. g4 h6 17. Be3 c5 18. Bb5+ Kf8 19. Nc3 c4 20. a4 a6 21. a5 Nbd7 22.
Bxd7 Qxd7 23. Rfd1 Qc6 24. Nd5 Nxd5 25. Rxd5 f6 26. Rad1 Be7 27. Rb1 Kf7 28. Rb6
Qc7 29. Qd1 Rhd8 30. Kg2 Kg8 31. c3 Kh7 32. Qa4 Rxd5 33. exd5 Rd8 34. Qc6 Qd7
35. Rb7 Qxc6 36. dxc6 Bd6 37. Rd7 Rxd7 38. cxd7 1-0

[Event "Titled Tue 1st Jul Early"]
[Site "chess.com INT"]
[Date "2025.07.01"]
[Round "1"]
[White "Garcia, Jhoel"]
[Black "Vetokhin, Savva"]
[Result "0-1"]
[WhiteTitle "IM"]
[BlackTitle "GM"]
[WhiteElo "2293"]
[BlackElo "2569"]
[WhiteFideId "3801110"]
[BlackFideId "44144474"]
[EventDate "2025.07.01"]

1. e4 c5 2. Nf3 d6 3. c3 Nf6 4. Bd3 Nc6 5. O-O g6 6. Bc2 Bg4 7. h3 Bxf3 8. Qxf3
Bg7 9. a4 O-O 10. Na3 a6 11. d3 b5 12. Bg5 h6 13. Be3 b4 14. Nc4 bxc3 15. bxc3
Nd7 16. Rab1 Bxc3 17. Bxh6 Bg7 18. Bxg7 Kxg7 19. Qe3 Rb8 20. Rxb8 Qxb8 21. f4
Nd4 22. Bd1 Nb6 23. Nd2 Nd7 24. f5 Ne5 25. Qg5 Qd8 26. Qg3 Qb6 27. Kh2 Qb2 28.
Rf2 Qc1 29. Bg4 Rh8 30. fxg6 fxg6 31. Qf4 Qe1 32. Rf1 Nxg4+ 33. Qxg4 Qxd2 34.
Qg3 Qe2 35. Rf2 Qh5 36. Kh1 Qe5 37. Qe3 Rf8 38. Rxf8 Kxf8 39. Qh6+ Kf7 40. Qh7+
Qg7 41. Qh4 Qf6 42. Qh7+ Ke8 43. Qg8+ Kd7 44. Qc4 Qf1+ 45. Kh2 Qf2 46. Qxa6 Nf3+ 0-1

[Event "Titled Tue 1st Jul Early"]
[Site "chess.com INT"]
[Date "2025.07.01"]
[Round "1"]
[White "Zhakshylykov, Erzhan"]
[Black "Skarbarchuk, Tetyana"]
[Result "1-0"]
[WhiteTitle "IM"]
[WhiteElo "2362"]
[BlackElo "2096"]
[WhiteFideId "13804111"]
[BlackFideId "14184494"]
[EventDate "2025.07.01"]

1. d4 Nf6 2. Nf3 e6 3. c4 b6 4. a3 Bb7 5. Bf4 d5 6. e3 Bd6 7. Bg5 h6 8. Bh4 O-O
9. Nc3 Nbd7 10. cxd5 exd5 11. Bb5 c6 12. Bd3 c5 13. Bf5 Be7 14. O-O c4 15. Qc2
a6 16. Rad1 Re8 17. Ne5 Qc7 18. f4 b5 19. Rf3 Nxe5 20. fxe5 Ne4 21. Bxe7 Qxe7
22. Nxe4 dxe4 23. Bxe4 Bxe4 24. Qxe4 Rad8 25. Rdf1 f6 26. Qg6 Qf7 27. Rxf6 Qxg6
28. Rxg6 Rd7 29. Rxa6 Kh7 30. Rb6 Ree7 31. Rxb5 1-0

[Event "Titled Tue 1st Jul Early"]
[Site "chess.com INT"]
[Date "2025.07.01"]
[Round "1"]
[White "Munoz, Francisco Javier"]
[Black "Porozhnyak, Maya"]
[Result "1-0"]
[WhiteTitle "FM"]
[BlackTitle "WCM"]
[WhiteElo "2389"]
[BlackElo "1953"]
[WhiteFideId "128368"]
[BlackFideId "34115843"]
[EventDate "2025.07.01"]

1. e4 c5 2. Nc3 e6 3. g3 a6 4. Bg2 Nc6 5. Nge2 b5 6. O-O Bb7 7. f4 d6 8. f5 e5
9. Nd5 Nf6 10. d3 Nxd5 11. exd5 Ne7 12. c4 Nc8 13. Nc3 b4 14. Ne4 f6 15. Qh5+
Ke7 16. Be3 Qc7 17. g4 Kd8 18. g5 Be7 19. Qf7 Bf8 20. Qe6 Qe7 21. gxf6 Qxe6 22.
fxe6 gxf6 23. Rxf6 Be7 24. Rf7 a5 25. Raf1 Ba6 26. Rg7 Ra7 27. Rff7 h5 28. Rh7
Rxh7 29. Rxh7 Bf8 30. Rxh5 Rg7 31. Bg5+ Kc7 32. h4 Ne7 33. Bf6 Rg6 34. Rh7 Kd8
35. Kf2 a4 36. b3 axb3 37. axb3 Rg8 38. Bf3 Bc8 39. h5 Ba6 40. Ng5 Ke8 41. h6
Nf5 42. Bh5+ Rg6 43. Bxg6# 1-0

[Event "Titled Tue 1st Jul Early"]
[Site "chess.com INT"]
[Date "2025.07.01"]
[Round "1"]
[White "Li, Hui"]
[Black "Waldhausen Gordon, Frederick"]
[Result "0-1"]
[WhiteTitle "CM"]
[BlackTitle "FM"]
[WhiteElo "2065"]
[BlackElo "2395"]
[WhiteFideId "15400310"]
[BlackFideId "2409143"]
[EventDate "2025.07.01"]

1. e4 e5 2. Nf3 Nc6 3. Bb5 a6 4. Ba4 Nf6 5. O-O Be7 6. Re1 b5 7. Bb3 O-O 8. c3
d6 9. h3 Nb8 10. d4 Nbd7 11. Nbd2 Bb7 12. Bc2 c5 13. d5 c4 14. Nf1 Nc5 15. Ng3
g6 16. Bh6 Re8 17. Qd2 Bc8 18. Nh2 Bf8 19. Bxf8 Rxf8 20. Qh6 Kh8 21. Rf1 Ng8 22.
Qd2 Qh4 23. Nf3 Qf6 24. Qg5 Ra7 25. a4 Qxg5 26. Nxg5 Rb7 27. axb5 axb5 28. Ra8
Kg7 29. Nf3 Bd7 30. Rfa1 b4 31. Rxf8 Kxf8 32. Ra8+ Kg7 33. Ne1 b3 34. Bd1 Na4
35. Bg4 Nxb2 36. Bxd7 Rxd7 37. Ne2 f5 38. f3 fxe4 39. fxe4 Nf6 40. Ng3 Rb7 41.
Kf1 Nd1 42. Ra1 Nxc3 43. Ne2 b2 0-1

[Event "Titled Tue 1st Jul Early"]
[Site "chess.com INT"]
[Date "2025.07.01"]
[Round "1"]
[White "Di Nicolantonio, Lucas"]
[Black "Bluebaum, Matthias"]
[Result "0-1"]
[WhiteTitle "IM"]
[BlackTitle "GM"]
[WhiteElo "2410"]
[BlackElo "2660"]
[WhiteFideId "680460"]
[BlackFideId "24651516"]
[EventDate "2025.07.01"]

1. d4 d5 2. Nf3 e6 3. e3 Nf6 4. Bd3 c5 5. c3 b6 6. Nbd2 Bb7 7. O-O Nbd7 8. Qe2
Be7 9. e4 cxd4 10. Nxd4 dxe4 11. Nxe4 O-O 12. Rd1 Qc7 13. Bg5 Rfe8 14. h4 h6 15.
Nxf6+ Nxf6 16. Bxf6 Bxf6 17. Be4 Rad8 18. Nb5 Qe5 19. Bf3 Bxf3 20. Qxe5 Bxe5 21.
gxf3 a6 22. Na3 b5 23. Nc2 h5 24. Nb4 Rxd1+ 25. Rxd1 a5 26. Nc6 Bf6 27. Nxa5 Ra8
28. b4 Bxc3 29. a3 Bb2 30. Rd3 Rc8 31. Kg2 g6 32. Nb7 Ra8 33. Rb3 Bxa3 34. Nd6
Ra4 35. Nxb5 Bxb4 36. Nd4 Be7 37. Nc6 Bxh4 38. Ne5 Bf6 39. Nd7 Kg7 40. Rb7 Bd4
41. Nb8 Ra2 42. Nc6 Rxf2+ 43. Kg3 Rd2 44. Rd7 Bf2+ 0-1

[Event "Titled Tue 1st Jul Early"]
[Site "chess.com INT"]
[Date "2025.07.01"]
[Round "1"]
[White "Suleimen, Ergali"]
[Black "Vu Quang Quyen"]
[Result "1-0"]
[WhiteTitle "FM"]
[BlackTitle "CM"]
[WhiteElo "2330"]
[BlackElo "2026"]
[WhiteFideId "13724452"]
[BlackFideId "12402168"]
[EventDate "2025.07.01"]

1. e4 c5 2. Nc3 e6 3. f4 Nc6 4. Nf3 Nge7 5. d3 d5 6. g3 g6 7. Bg2 Bg7 8. O-O O-O
9. Kh1 Rb8 10. Bd2 b5 11. Rb1 c4 12. e5 b4 13. Ne2 cxd3 14. cxd3 Ba6 15. Be3 Nf5
16. Bc5 h5 17. Bxf8 Bxf8 18. Rc1 Qb6 19. Qb3 Na5 20. Qa4 Bxd3 21. Rfe1 Bb5 22.
Qc2 Nc4 23. b3 Nce3 24. Qc7 a5 25. Qxb6 Rxb6 26. Ned4 Nxd4 27. Nxd4 Nxg2 28.
Kxg2 Bd3 29. Rc8 Kg7 30. Rc7 Ra6 31. Rec1 Be4+ 32. Kf2 Kg8 33. Rb7 a4 34. Rc8
axb3 35. axb3 Ra2+ 36. Ke3 Kg7 37. Nxe6+ Kh6 38. Rxf8 1-0

[Event "Titled Tue 1st Jul Early"]
[Site "chess.com INT"]
[Date "2025.07.01"]
[Round "1"]
[White "Nurgaliyev, Sauat"]
[Black "Brancaleoni, Maurizio"]
[Result "1-0"]
[WhiteTitle "IM"]
[BlackTitle "FM"]
[WhiteElo "2404"]
[BlackElo "2185"]
[WhiteFideId "13726285"]
[BlackFideId "803022"]
[EventDate "2025.07.01"]

1. Nf3 c5 2. g3 g6 3. Bg2 Bg7 4. O-O Nc6 5. c3 d5 6. d4 cxd4 7. cxd4 e6 8. Nc3
Nge7 9. Bf4 O-O 10. a3 b6 11. Rc1 Bb7 12. Nb5 Nf5 13. g4 Nfe7 14. Nd6 Ba6 15.
Re1 Na5 16. Qa4 Nc8 17. Nxc8 Bxc8 18. Ne5 f6 19. Nc6 Qd7 20. b3 Nxc6 21. Qxc6
Qxc6 22. Rxc6 Bd7 23. Rc7 Rf7 24. Rec1 Bf8 25. a4 g5 26. Bg3 a5 27. e4 dxe4 28.
Bxe4 Re8 29. f3 Bb4 30. Rb7 Bd2 31. Rcc7 Be3+ 32. Bf2 Bxf2+ 33. Kxf2 Rd8 34.
Rxb6 Be8 35. Rc4 Rfd7 36. Rxe6 Rxd4 37. Rxd4 Rxd4 38. Rxe8+ 1-0

[Event "Titled Tue 1st Jul Early"]
[Site "chess.com INT"]
[Date "2025.07.01"]
[Round "1"]
[White "Leiva, Gianmarco"]
[Black "Veiga, Jose Francisco R P Neves"]
[Result "1-0"]
[WhiteTitle "IM"]
[BlackTitle "IM"]
[WhiteElo "2387"]
[BlackElo "2390"]
[WhiteFideId "3804399"]
[BlackFideId "1930087"]
[EventDate "2025.07.01"]

1. e4 c5 2. Nf3 d6 3. d4 cxd4 4. Nxd4 Nf6 5. Nc3 a6 6. Be3 e5 7. Nf3 Be7 8. a4
Be6 9. a5 h6 10. Nd2 Nbd7 11. Nc4 Qc7 12. Nb6 Nxb6 13. axb6 Qc8 14. Be2 O-O 15.
g4 Qc6 16. Bf3 Rfd8 17. Nd5 Bxd5 18. exd5 Qb5 19. b3 e4 20. c4 Qe8 21. Bf4 exf3
22. Qxf3 Nh7 23. Kf1 Bf6 24. Re1 Qd7 25. h4 Re8 26. g5 Rxe1+ 27. Kxe1 Qe7+ 28.
Kf1 hxg5 29. hxg5 Bxg5 30. Qh5 Bh6 31. Bxh6 gxh6 32. Qxh6 Qe4 33. Rg1+ 1-0

[Event "Titled Tue 1st Jul Early"]
[Site "chess.com INT"]
[Date "2025.07.01"]
[Round "1"]
[White "Andrade, Ivan"]
[Black "Plichta, Kamil"]
[Result "0-1"]
[WhiteTitle "FM"]
[BlackTitle "FM"]
[WhiteElo "2136"]
[BlackElo "2361"]
[WhiteFideId "14800039"]
[BlackFideId "1141830"]
[EventDate "2025.07.01"]

1. e4 g6 2. d4 Bg7 3. c4 d6 4. Nc3 Nf6 5. f3 O-O 6. Be3 Nc6 7. Qd2 a6 8. Nge2
Na5 9. Nc1 Nd7 10. Be2 c5 11. O-O cxd4 12. Bxd4 Ne5 13. b3 Nac6 14. Be3 Qa5 15.
Rb1 Nxf3+ 16. Bxf3 Qxc3 17. Qxc3 Bxc3 18. Ne2 Bg7 19. Rfd1 Ne5 20. Nf4 Nxf3+ 21.
gxf3 Be6 22. Nd5 Bxd5 23. Rxd5 Rfc8 24. Bb6 Rc6 25. Bd4 e6 26. Bxg7 exd5 27.
exd5 Rcc8 28. Bd4 b5 29. Kf2 bxc4 30. bxc4 Rxc4 31. Be3 Rc2+ 32. Kg3 Re8 33. Bf4
Rc5 34. Rd1 Rd8 35. h4 Kg7 36. h5 gxh5 37. Be3 Rc4 38. Bd4+ Kg6 39. Kf4 f6 40.
Ke3 Ra4 41. Rg1+ Kf7 42. Rb1 Re8+ 43. Kd3 Ra3+ 44. Kd2 Rxa2+ 45. Kd3 Ra3+ 46.
Kd2 Ra5 47. Rb7+ Kg6 0-1

[Event "Titled Tue 1st Jul Early"]
[Site "chess.com INT"]
[Date "2025.07.01"]
[Round "1"]
[White "Rojas Salas, Steven"]
[Black "Borges, Wagner da Silva"]
[Result "1-0"]
[WhiteTitle "IM"]
[BlackTitle "CM"]
[WhiteElo "2425"]
[BlackElo "2055"]
[WhiteFideId "3819434"]
[BlackFideId "2100401"]
[EventDate "2025.07.01"]

1. Nf3 Nf6 2. d4 e6 3. c4 d5 4. g3 Be7 5. Bg2 O-O 6. O-O b6 7. Nc3 Bb7 8. Ne5
Nbd7 9. cxd5 exd5 10. Bf4 a6 11. Rc1 c5 12. Nxd7 Qxd7 13. Na4 Qc6 14. dxc5 bxc5
15. Nxc5 Bxc5 16. Be3 Rfe8 17. Rxc5 Qd6 18. Qd4 Rac8 19. Rfc1 Rxc5 20. Rxc5 h6
21. Rc2 Rc8 22. Rxc8+ Bxc8 23. h3 Qc6 24. Qc5 Qb7 25. Bd4 Ne4 26. Qa7 Qb5 27.
Qc7 Be6 28. Qe5 Nf6 29. g4 Qxe2 30. Qxe2 1-0

[Event "Titled Tue 1st Jul Early"]
[Site "chess.com INT"]
[Date "2025.07.01"]
[Round "1"]
[White "Khalafvand, Dorsa Sadat"]
[Black "Dann, Matthias"]
[Result "1-0"]
[WhiteTitle "WCM"]
[BlackTitle "IM"]
[WhiteElo "1985"]
[BlackElo "2434"]
[WhiteFideId "36767522"]
[BlackFideId "24638056"]
[EventDate "2025.07.01"]

1. c4 Nf6 2. Nc3 d6 3. d4 e5 4. Nf3 Nc6 5. e4 Bg4 6. d5 Nd4 7. Be3 Nxf3+ 8. gxf3
Bd7 9. Qc2 Nh5 10. O-O-O b6 11. h4 Be7 12. Bh3 Bxh3 13. Rxh3 Qd7 14. Rhh1 O-O
15. Rdg1 Kh8 16. Ne2 f5 17. Ng3 Nxg3 18. fxg3 fxe4 19. fxe4 Rf3 20. Qe2 Raf8 21.
g4 Qe8 22. h5 Qd7 23. g5 Kg8 24. g6 h6 25. Kb1 Qd8 26. Qd2 Bf6 27. Bxh6 gxh6 28.
Qxh6 Qe7 29. Qd2 Bh4 30. Qh2 Bg5 31. h6 Qf6 32. Qg2 Rf2 33. Qxg5 Rf1+ 34. Rxf1
Qxg5 35. h7+ Kg7 36. Rxf8 1-0

[Event "Titled Tue 1st Jul Early"]
[Site "chess.com INT"]
[Date "2025.07.01"]
[Round "1"]
[White "Lacasa Diaz, Josep Anton"]
[Black "Laptii, Nazar"]
[Result "0-1"]
[WhiteTitle "IM"]
[BlackTitle "FM"]
[WhiteElo "2315"]
[BlackElo "2208"]
[WhiteFideId "2203375"]
[BlackFideId "14174332"]
[EventDate "2025.07.01"]

1. e4 e6 2. d4 d5 3. e5 c5 4. c3 Nc6 5. Nf3 Qb6 6. a3 Nh6 7. Bd3 cxd4 8. b4 Nf5
9. O-O Be7 10. Bb2 a6 11. Re1 dxc3 12. Nxc3 Nh4 13. Nxh4 Bxh4 14. g3 Be7 15. Qg4
O-O 16. h4 Qd4 17. Qe2 Qa7 18. Kg2 b5 19. Bc2 Nd4 20. Qd3 Nxc2 21. Qxc2 Bb7 22.
Kh2 Rac8 23. Qd2 f6 24. exf6 Bxf6 25. f4 Rfe8 26. Rad1 Rcd8 27. Qd3 Qf2+ 28. Kh3
Qxb2 29. h5 Qxc3 0-1

[Event "Titled Tue 1st Jul Early"]
[Site "chess.com INT"]
[Date "2025.07.01"]
[Round "1"]
[White "Priasmoro, Novendra"]
[Black "Logozar, Elijah"]
[Result "1-0"]
[WhiteTitle "GM"]
[WhiteElo "2426"]
[BlackElo "1928"]
[WhiteFideId "7105029"]
[BlackFideId "30963788"]
[EventDate "2025.07.01"]

1. d4 Nf6 2. Nf3 d5 3. g3 c5 4. Bg2 cxd4 5. Nxd4 e5 6. Nb3 Be7 7. O-O O-O 8. Bg5
Be6 9. Nc3 Nbd7 10. e3 h6 11. Bxf6 Nxf6 12. Qd2 Rc8 13. Rad1 Bb4 14. Qd3 d4 15.
exd4 Bc4 16. Qf3 Bxf1 17. Bxf1 Bxc3 18. dxe5 Nd7 19. bxc3 Nxe5 20. Qe2 Qf6 21.
Bg2 Rxc3 22. Nd4 Re8 23. Kh1 Rc7 24. f4 Rce7 25. fxe5 Rxe5 26. Qd2 b6 27. Rf1
Qd6 28. c3 Re2 29. Qxe2 Rxe2 30. Nxe2 Qd2 31. Nf4 g5 32. Nd5 Qxa2 33. Ne7+ Kg7
34. Bd5 Qe2 35. Rxf7+ Kh8 36. Ng6+ Kg8 37. Re7+ Qe6 38. Bxe6# 1-0

[Event "Titled Tue 1st Jul Early"]
[Site "chess.com INT"]
[Date "2025.07.01"]
[Round "1"]
[White "Tiitta, Sauli"]
[Black "Pham, Le Thao Nguyen"]
[Result "0-1"]
[BlackTitle "IM"]
[WhiteElo "2157"]
[BlackElo "2357"]
[WhiteFideId "502251"]
[BlackFideId "12401226"]
[EventDate "2025.07.01"]

1. g4 d5 2. h3 e5 3. d4 exd4 4. Qxd4 Nc6 5. Qa4 Bd6 6. Nc3 Ne7 7. Bg5 f6 8. Be3
O-O 9. O-O-O Be6 10. Bg2 Be5 11. Nxd5 Nxd5 12. Bxd5 Bxd5 13. c4 Bxh1 14. Rxd8
Rfxd8 15. f3 Bg2 16. c5 Kh8 17. Qb3 b6 18. g5 Nd4 19. Qf7 Nf5 20. gxf6 Bxf6 21.
Bd2 bxc5 22. Qh5 Nd4 23. Qg4 Bf1 24. e3 Ne2+ 25. Nxe2 Bxe2 26. Bc3 Bxc3 27. bxc3
Rab8 28. e4 c4 29. e5 Bd3 30. Qg3 Bg6 31. e6 Rb1# 0-1

[Event "Titled Tue 1st Jul Early"]
[Site "chess.com INT"]
[Date "2025.07.01"]
[Round "1"]
[White "King, Alexander"]
[Black "Simonetto, Andrea"]
[Result "1-0"]
[WhiteTitle "FM"]
[BlackTitle "FM"]
[WhiteElo "2263"]
[BlackElo "2285"]
[WhiteFideId "2063620"]
[BlackFideId "873314"]
[EventDate "2025.07.01"]

1. d4 Nf6 2. Nf3 g6 3. g3 Bg7 4. Bg2 d6 5. O-O O-O 6. c4 Nbd7 7. Nc3 e5 8. e4
exd4 9. Nxd4 Re8 10. h3 h6 11. Re1 Nc5 12. Bf4 a5 13. Qd2 Kh7 14. Ndb5 Be6 15.
b3 Nfd7 16. Rad1 Ne5 17. Qe2 Qe7 18. Be3 Nc6 19. Nd5 Bxd5 20. cxd5 Ne5 21. Qc2
Red8 22. f4 Ned7 23. Nxc7 Rac8 24. Nb5 Nb6 25. Qd2 a4 26. Qa5 Nbd7 27. Qb4 axb3
28. axb3 b6 29. Na7 Nf6 30. Nxc8 Rxc8 31. e5 dxe5 32. d6 Qd7 33. fxe5 Nfe4 34.
Bxe4 Nxe4 35. Qxe4 Qxh3 36. Qg2 Qe6 37. d7 Rd8 38. Qd5 Qg4 39. Bxb6 1-0

[Event "Titled Tue 1st Jul Early"]
[Site "chess.com INT"]
[Date "2025.07.01"]
[Round "1"]
[White "Stevik, Patrik"]
[Black "Pournami S"]
[Result "1-0"]
[WhiteTitle "FM"]
[BlackTitle "WCM"]
[WhiteElo "2314"]
[BlackElo "1730"]
[WhiteFideId "14944812"]
[BlackFideId "25732439"]
[EventDate "2025.07.01"]

1. Nf3 Nf6 2. g3 e6 3. Bg2 d5 4. O-O Be7 5. b3 Rg8 6. Bb2 Rh8 7. c4 b6 8. Nc3
Bb7 9. d4 c6 10. Ne5 Nbd7 11. Nd3 Qc7 12. e4 dxe4 13. Nxe4 O-O-O 14. a4 Nxe4 15.
Bxe4 Nf6 16. Bg2 c5 17. Bxb7+ Qxb7 18. dxc5 Bxc5 19. a5 Qe4 20. Nxc5 bxc5 21.
Qc1 h5 22. Bxf6 gxf6 23. Re1 Qf3 24. Re3 Qc6 25. h4 f5 26. Re5 f6 27. Re1 e5 28.
Qc2 f4 29. Qf5+ Kb8 30. Rad1 fxg3 31. fxg3 Rhg8 32. Rxd8+ Rxd8 33. Qf2 Rd3 34.
Rb1 Rf3 35. Qg2 e4 36. b4 Qc7 37. bxc5+ Ka8 38. Kh2 Qxc5 39. Rb2 Qe5 40. Rc2 Rb3
41. c5 Rb7 42. Rc4 f5 43. a6 Rc7 44. c6 Rc8 45. Qf2 Qd5 46. Rc5 Qd6 47. Qxf5 e3
48. Qxc8+ Qb8 49. Qb7+ Qxb7 50. cxb7+ 1-0

[Event "Titled Tue 1st Jul Early"]
[Site "chess.com INT"]
[Date "2025.07.01"]
[Round "1"]
[White "Balavignan, Ashvin"]
[Black "Erdogmus, Yagiz Kaan"]
[Result "0-1"]
[WhiteTitle "CM"]
[BlackTitle "GM"]
[WhiteElo "2023"]
[BlackElo "2626"]
[WhiteFideId "3261425"]
[BlackFideId "44599790"]
[EventDate "2025.07.01"]

1. d4 Nf6 2. c4 b6 3. Nc3 Bb7 4. f3 d5 5. cxd5 Nxd5 6. Nxd5 Qxd5 7. e4 Qd7 8.
Be3 e6 9. Bc4 Bb4+ 10. Kf2 O-O 11. Ne2 Nc6 12. h4 Rad8 13. Qa4 Bd6 14. Rad1 a6
15. d5 exd5 16. Bxd5 b5 17. Qb3 Na5 18. Qc3 Bxd5 19. Rxd5 Nc4 20. Bc1 c6 21.
Rdd1 Bc5+ 22. Kg3 Qe7 23. Bf4 Bb4 24. Qc2 Bd6 25. b3 Ne3 26. Qc3 Nxd1 27. Rxd1
Bxf4+ 28. Nxf4 Rxd1 29. Nh5 Qd6+ 30. f4 Rd3+ 31. Qxd3 Qxd3+ 32. Kg4 Qe2+ 0-1

[Event "Titled Tue 1st Jul Early"]
[Site "chess.com INT"]
[Date "2025.07.01"]
[Round "1"]
[White "Dyulgerov, Volen"]
[Black "Bologan, Victor"]
[Result "0-1"]
[WhiteTitle "CM"]
[BlackTitle "GM"]
[WhiteElo "2181"]
[BlackElo "2601"]
[WhiteFideId "2918978"]
[BlackFideId "13900048"]
[EventDate "2025.07.01"]

1. e4 e5 2. d4 exd4 3. c3 d3 4. Bxd3 Nc6 5. Ne2 Nf6 6. f4 d6 7. O-O g6 8. h3 Bg7
9. c4 O-O 10. Nbc3 Nd7 11. Be3 Nc5 12. Bc2 Re8 13. b3 a5 14. Kh1 Nb4 15. Rc1
Nxc2 16. Qxc2 Nxe4 17. Nxe4 f5 18. Bd4 Rxe4 19. Bxg7 Kxg7 20. Nc3 Re8 21. Nd5 c6
22. Qc3+ Kf7 23. Ne3 Qf6 24. Qd2 a4 25. b4 Bd7 26. Rcd1 Rad8 27. Rfe1 Be6 28.
Qc2 Qh4 29. c5 Qxf4 30. cxd6 Rxd6 31. Rxd6 Qxd6 32. Nc4 Qxb4 33. Ne5+ Kg8 34.
Qf2 Bd5 35. Qg3 Qd4 36. Nxg6 Rxe1+ 37. Qxe1 hxg6 38. Qe8+ Kh7 39. Qe7+ Qg7 40.
Qh4+ Kg8 41. Qd8+ Qf8 42. Qg5 Kg7 43. a3 Qf6 44. Qe3 b5 45. h4 Qxh4+ 46. Kg1 Qe4
47. Qc3+ Kf7 48. Kf1 Qxg2+ 49. Ke1 Qe4+ 50. Kf1 Qc4+ 51. Qxc4 0-1